00579nam a2200205Ia 450000500170000000800410001702000260005804000190008404100120010308200130011524500620012826000350019030000140022550400500023963000130028965000190030265100200032170000220034185000100036320240129111200.0140110s9999 xx 000 0 und d a9780143063778cRs 599 aLoreto College aEnglish a396bJOH aWomen's studies in IndiabA readercEdited by Mary E John aNew DelhibPenguin Booksc2008 axvi,657p  aIncludes bibliographical references and index aFeminism aGender Studies aWomen's Studies aJohn, Mary E., ed aLCLIB